| Tag |
First Indicator |
Second Indicator |
Subfields |
| LEADER |
00000cam a2200000 4500 |
| 001 |
in00000031828 |
| 005 |
20151007063129.0 |
| 008 |
760519s1961 tnua 00010 engd |
| 010 |
|
|
|a 61017202
|
| 035 |
|
|
|a (OCoLC)02183311
|
| 035 |
|
|
|9 AAD6638AM
|
| 040 |
|
|
|a DLC
|c FHM
|d FHM
|d TXA
|d UtOrBLW
|
| 049 |
|
|
|a TXAM
|c [343622]
|
| 050 |
|
0 |
|a PS3507.A666
|b L6
|
| 082 |
0 |
|
|a 811.52
|
| 092 |
|
|
|a 811
|b D252, 1961
|
| 100 |
1 |
|
|a Davidson, Donald,
|d 1893-1968.
|
| 245 |
1 |
4 |
|a The long street ;
|b poems /
|c Engravings by Theresa Sherrer Davidson.
|
| 264 |
|
1 |
|a Nashville :
|b Vanderbilt University Press,
|c 1961.
|
| 300 |
|
|
|a 92 pages :
|b illustrations ;
|c 24 cm.
|
| 336 |
|
|
|a text
|b txt
|2 rdacontent
|
| 337 |
|
|
|a unmediated
|b n
|2 rdamedia
|
| 338 |
|
|
|a volume
|b nc
|2 rdacarrier
|
| 999 |
|
|
|a MARS
|
| 999 |
f |
f |
|s 9ec63cf6-de95-3f8f-a3b0-3361f02e659d
|i 29e50ae6-7992-315e-a3a9-aa79935e957b
|t 0
|
| 952 |
f |
f |
|p ric
|a Texas A&M University
|b Rellis Campus
|c Joint Library Facility
|d Remote Storage
|t 0
|e PS3507.A666 L6
|h Library of Congress classification
|i unmediated -- volume
|m A14801214578
|
| 998 |
f |
f |
|a PS3507.A666 L6
|t 0
|l Remote Storage
|